Statistics for Click Jumble - European Countries

Click here to take the quiz!

General Stats

  • This quiz has been taken 32 times
  • The average score is 14 of 20

Answer Stats

HintAnswer% Correct
What country is home to Transylvania, Dracula's usual haunt?aaimnor
89%
What country has an official language whose dialects include Connacht, Munster and Ulster?adeilnr
85%
What country's northern region is called Lapland?adfilnn
81%
Where is Bavaria?aegmnry
81%
What country separated from Czechia in the Velvet Divorce?aaiklosv
78%
Where is Innsbruck?aairstu
78%
What country borders 14 other countries?airssu
78%
Where could you find the White Cliffs of Dover?ddegiikmnnotu
78%
What country's beautiful coasts include Dalmatia and Dubrovnik?aaciort
74%
What is the smallest European country that borders at least two other countries?ceeehiilnnstt
74%
What kingdom did Austria-Hungary invade to set off World War I?abeirs
70%
What country borders both Turkey and Greece?aabgilru
67%
What is the last European country to be inhabited by humans?acdeiln
63%
Where do most Faroese speakers live?adekmnr
63%
What former Yugoslavian republic bordered Italy?aeilnosv
63%
What country borders the North Sea, the Arctic Ocean, and the Barents Sea?anorwy
63%
What European country is closest to Tunisia?aalmt
59%
What country's current boundaries were set by King Afonso I in 1139, the oldest of any European country?agloprtu
59%
What country gained full independence from Serbia and Yugoslavia in 2006 by referendum?eegmnnoort
59%
What country's southern region is called Occitania?acefnr
56%

Score Distribution

Percentile by Number Answered

Percent of People with Each Score

Your Score History

You have not taken this quiz